000 01558nam0a22003491 4500
001 RU\NLR\INFOCOMM_161\5000029499
005 20250613090538.0
035 _a(NLR Aleph) 009070652
090 _a7920654
_c7920654
100 _a20081025d1992 |||y0rusy50 ca
101 0 _aeng
_drus
102 _aRU
105 _aa z 000zy
200 1 _aOn the relaxation of μ+SR signal and diffusive neutron scattering in AF phase of HTSC
_fD. N. Aristov a. S. V. Maleyev
210 _aSt. Petersburg
_cПИЯФ
_d1992
215 _a24 с.
_cил.
_d20
225 1 _aPreprint
_fRuss. acad. of sciences, Petersburg nuclear physics inst.
_v1834
300 _aНа обороте тит. л.: О релаксации μ+SR сигнала и диффузном рассеянии нейтронов в АФ Фазе ВТСП / Д. Н. Аристов и С. В. Малеев
300 _aНа обл. надзаг. на рус. яз.
300 _aРез. на рус. яз.
320 _aБиблиогр.: с. 23-24
517 1 _aО релаксации μ+SR сигнала и диффузном рассеянии нейтронов в АФ Фазе ВТСП
606 _aНейтроны
_xРассеяние в сверхпроводниках высокотемпературных
_2nlr_sh1
686 _aВ332.213
_2rubbk
700 1 _aAristov
_bD. N.
_gDmitrij Nikolaevič
_4070
701 1 _aMaleev
_bS. V.
_4070
801 1 _aRU
_bNLR
_c20081025
801 0 _aRU
_bNLR
_gPSBO
852 _aNLR
_jФз01 Д-4/6871
942 _cBOOK
980 _aNB